000 01710cam a22001814a 4500
005 20250605164403.0
008 250528s ||||||||||||||||||||||||d
035 _a24685
040 _aGR-AtMCL
_bgre
_dGR-AtMCL
_eAACR2
245 1 _aOnvergences
260 _bΔελτίον Διοικήσεως Επιχειρήσεων,
_c2019
300 _a112
520 _aΕπενδύσεις σε Αμοιβαία Κεφάλαια, ΙΟΒΕ: Σε Σταθερή Τροχιά ο Δείκτης Οικονομικού Κλίματος, KPMG: Το 66% των Ελλήνων CEOs Εμπιστεύονται τις Προοπτικές Ανάπτυξης στη Χώρα, ΤτΕ: Στα Ίδια Επίπεδα τα Επιτόκια των Καταθέσεων, HANDELSBLATT: Πορεία Συρρίκνωσης για τις Ελληνικές Τράπεζες, ΕΛΣΤΑΤ: Αύξηση του Κύκλου Εργασιών στη Βιομηχανία στο 12μηνο, ΙΟΒΕ: Στάση Αναμονής Λόγω Εγχώριων Εξελίξεων για τη Βιομηχανία, ΕΕΕ: Συνάντηση Εργασίας με την Ένωση Εφοπλιστών Χονγκ Κονγκ, 5ο POSIDONIA SEA TOURISM FORUM: Η Ανατολική Μεσόγειος Αναδεικνύεται σε Σημαντικό Προορισμό για τη Βιομηχανία Κρουαζιέρας, Τα Νέα των Βιομηχανικών και Εμπορικών Επιχειρήσεων, Εταιρικές Κοινωνικές Δράσεις.
700 1 _aΠαπαμιχαλάκης Ιωάννης Ν
_99495
942 _cCR
999 _c9552
_d9552